000 08837nam a22007097a 4500
005 20101001150915.0
010 _aHIN-90717 B-429665-699
020 _c450.00
_a9788190959674
035 _aHN-63063
035 _aB-429665-699
037 _bDBAD / PUB
037 _bआर.बी.सी./
082 _a
100 _aचट्टोपाध्याय, शरतचन्द्र
_927432
245 _aश्रीकान्त /
_cशरतचन्द्र चट्टोपाध्याय
246 _aShrikant
_bby Sharatchandra Chattopadhyay
260 _aदिल्ली
_bदया साहित्य संस्थान
_c2010
270 _aजी-1/157, मेन 25 फुटा रोड़, पाँचवाँ पुस्ता (नियर टोल टैक्स), सोनिया विहार
_bदिल्ली
_e110094
300 _a352पृ.
_c22सेमी (सजिल्द)
650 _aउपन्यास, हिन्दी साहित्य
_927433
650 _aNovel, Hindi Literature
_927434
700 _922273
700 _922352
942 _2ddc
_cHN
_h
_mचट्टोपा
999 _c48109
_d48109